<?xml version="1.0" encoding="UTF-8"?>
<record
    xmlns:xsi="http://www.w3.org/2001/XMLSchema-instance"
    xsi:schemaLocation="http://www.loc.gov/MARC21/slim http://www.loc.gov/standards/marcxml/schema/MARC21slim.xsd"
    xmlns="http://www.loc.gov/MARC21/slim">

  <leader>03667cam a22004454i 4500</leader>
  <controlfield tag="003">PE-LiUPU</controlfield>
  <controlfield tag="005">20250731165441.0</controlfield>
  <controlfield tag="008">160627s2016    pe a   grm    000 0 spa d</controlfield>
  <datafield tag="035" ind1=" " ind2=" ">
    <subfield code="a">(Sirsi) a157540</subfield>
  </datafield>
  <datafield tag="040" ind1=" " ind2=" ">
    <subfield code="a">PE-LiUPU</subfield>
    <subfield code="b">spa</subfield>
    <subfield code="c">PE-LiUPU</subfield>
    <subfield code="e">rda</subfield>
  </datafield>
  <datafield tag="099" ind1=" " ind2=" ">
    <subfield code="a">TA 3</subfield>
    <subfield code="b">M12 2016</subfield>
  </datafield>
  <datafield tag="100" ind1="1" ind2=" ">
    <subfield code="a">Macazana Tello, Juan Tom&#xE1;s,</subfield>
    <subfield code="e">autor</subfield>
  </datafield>
  <datafield tag="245" ind1="1" ind2=" ">
    <subfield code="a">Estudio de mercado y pron&#xF3;stico en la implementaci&#xF3;n de una planta de procesamiento de frescos y congelados de trucha arco iris en Juliaca, Puno, 2015 /</subfield>
    <subfield code="c">Juan Tom&#xE1;s Macazana Tello.</subfield>
  </datafield>
  <datafield tag="264" ind1=" " ind2="0">
    <subfield code="c">2016.</subfield>
  </datafield>
  <datafield tag="300" ind1=" " ind2=" ">
    <subfield code="a">85 hojas : </subfield>
    <subfield code="b">ilustraciones;</subfield>
    <subfield code="c">30 cm</subfield>
  </datafield>
  <datafield tag="336" ind1=" " ind2=" ">
    <subfield code="a">text</subfield>
    <subfield code="2">rdacontent</subfield>
  </datafield>
  <datafield tag="337" ind1=" " ind2=" ">
    <subfield code="a">unmediated</subfield>
    <subfield code="2">rdamedia</subfield>
  </datafield>
  <datafield tag="338" ind1=" " ind2=" ">
    <subfield code="a">volume</subfield>
    <subfield code="2">rdacarrier</subfield>
  </datafield>
  <datafield tag="502" ind1=" " ind2=" ">
    <subfield code="a">Tesis</subfield>
    <subfield code="b">(Mg.) -- </subfield>
    <subfield code="c">Universidad Peruana Uni&#xF3;n,</subfield>
    <subfield code="d">2016.</subfield>
  </datafield>
  <datafield tag="504" ind1=" " ind2=" ">
    <subfield code="a">Incluye referencias</subfield>
  </datafield>
  <datafield tag="520" ind1="3" ind2=" ">
    <subfield code="a">La acuicultura de la trucha arco iris (Oncorhynchus mykiss) en el Per&#xFA; viene desarroll&#xE1;ndose principalmente a niveles semi intensivos con acuicultores de micro y peque&#xF1;a empresa (AMYPE) y en una menor proporci&#xF3;n con grandes empresas a niveles intensivos los cuales emplean sistemas modernos de producci&#xF3;n en acuicultura; actualmente los sistemas de producci&#xF3;n acu&#xED;cola empleados para el cultivo de trucha son los raceways y las jaulas flotantes, en los &#xFA;ltimos a&#xF1;os se ha podido observar un crecimiento importante en los vol&#xFA;menes de producci&#xF3;n y ello basado principalmente a un importante incremento de la demanda interna del producto, la apertura de nuevos mercados, as&#xED; como al desarrollo y establecimiento de nuevas empresas de menor escala que est&#xE1;n viendo en la acuicultura de la trucha arco iris una actividad de importante inter&#xE9;s comercial. En ese sentido, el presente estudio ha sido elaborado con el prop&#xF3;sito de dar a conocer el panorama nacional y regional del mercado local de Truchas para la implementaci&#xF3;n de una planta de procesamiento de congelados y frescos para lo cual la presentaci&#xF3;n se determin&#xF3; con el pron&#xF3;stico de cosecha y precio de la Trucha Arco Iris en base al 2008-2012 en Juliaca, Puno. Hall&#xE1;ndose que es heterog&#xE9;nea y ascendente en la cosecha y precio. Y en las regiones tambi&#xE9;n es heterog&#xE9;nea y ascendente en Puno. Dicho de otro modo, la tendencia a trav&#xE9;s de los a&#xF1;os en cuanto a la cosecha va en aumento en 2780 toneladas aproximadamente de trucha al menos estos dos &#xFA;ltimos a&#xF1;os y a precio de aumento un sol cada a&#xF1;o al menos estos &#xFA;ltimos cuatro a&#xF1;os. Lo que significa que el incremento de la cosecha y precio de trucha est&#xE1; garantizada al 2016 teniendo en cuenta la tendencia de crecimiento desde el a&#xF1;o 2003. Esto es congruente con el pron&#xF3;stico presentado por Mendoza Ram&#xED;rez (2010 y 2011) en un estudio de mercado realizado por el Ministerio de la Producci&#xF3;n, quienes tambi&#xE9;n pronosticaron que el comportamiento de Trucha Arco Iris al 2016 presenta una tendencia de crecimiento anual de 2500 toneladas anuales durante los &#xFA;ltimos a&#xF1;os con r2 muy alto que garantiza la producci&#xF3;n de este esp&#xE9;cimen, adem&#xE1;s garantiza el flujo comercial del producto, en el Per&#xFA; y en Puno como el centro m&#xE1;s productivos de Trucha Arco Iris.</subfield>
  </datafield>
  <datafield tag="526" ind1=" " ind2=" ">
    <subfield code="a">SEG44</subfield>
  </datafield>
  <datafield tag="526" ind1=" " ind2=" ">
    <subfield code="a">SEG26</subfield>
  </datafield>
  <datafield tag="526" ind1=" " ind2=" ">
    <subfield code="a">P151</subfield>
  </datafield>
  <datafield tag="526" ind1=" " ind2=" ">
    <subfield code="a">P150</subfield>
  </datafield>
  <datafield tag="526" ind1=" " ind2=" ">
    <subfield code="a">P149</subfield>
  </datafield>
  <datafield tag="526" ind1=" " ind2=" ">
    <subfield code="a">P146</subfield>
  </datafield>
  <datafield tag="526" ind1=" " ind2=" ">
    <subfield code="a">P145</subfield>
  </datafield>
  <datafield tag="526" ind1=" " ind2=" ">
    <subfield code="a">P126</subfield>
  </datafield>
  <datafield tag="526" ind1=" " ind2=" ">
    <subfield code="a">P125</subfield>
  </datafield>
  <datafield tag="526" ind1=" " ind2=" ">
    <subfield code="a">P92</subfield>
  </datafield>
  <datafield tag="526" ind1=" " ind2=" ">
    <subfield code="a">P75</subfield>
  </datafield>
  <datafield tag="526" ind1=" " ind2=" ">
    <subfield code="a">P74</subfield>
  </datafield>
  <datafield tag="526" ind1=" " ind2=" ">
    <subfield code="a">P27</subfield>
  </datafield>
  <datafield tag="526" ind1=" " ind2=" ">
    <subfield code="a">P15</subfield>
  </datafield>
  <datafield tag="650" ind1="0" ind2="4">
    <subfield code="a">Piscicultura</subfield>
    <subfield code="x">lTrucha.</subfield>
  </datafield>
  <datafield tag="596" ind1=" " ind2=" ">
    <subfield code="a">1</subfield>
  </datafield>
  <datafield tag="942" ind1=" " ind2=" ">
    <subfield code="2">ddc</subfield>
    <subfield code="c">TESIS</subfield>
  </datafield>
  <datafield tag="999" ind1=" " ind2=" ">
    <subfield code="a">TA 3 M12 2016</subfield>
    <subfield code="w">ALPHANUM</subfield>
    <subfield code="c">10189</subfield>
    <subfield code="i">T02010</subfield>
    <subfield code="l">CCODEBUL3</subfield>
    <subfield code="m">BUL</subfield>
    <subfield code="r">1</subfield>
    <subfield code="s">Y</subfield>
    <subfield code="t">TESIS</subfield>
    <subfield code="u">2016-6-27</subfield>
    <subfield code="x">POSGRADO</subfield>
    <subfield code="P">P47</subfield>
    <subfield code="o">.STAFF. Tesis</subfield>
    <subfield code="d">10189</subfield>
  </datafield>
  <datafield tag="980" ind1=" " ind2=" ">
    <subfield code="8">1</subfield>
    <subfield code="g">ALBERTO SANCHEZ Responsable de Automatizaci&#xF3;n</subfield>
  </datafield>
  <datafield tag="952" ind1=" " ind2=" ">
    <subfield code="r">2022-07-06 00:00:00</subfield>
    <subfield code="l">0</subfield>
    <subfield code="o">TA 3 M12 2016</subfield>
    <subfield code="p">T02010</subfield>
    <subfield code="t">e1</subfield>
    <subfield code="w">2016-06-27</subfield>
    <subfield code="x">PG</subfield>
    <subfield code="y">TESIS</subfield>
    <subfield code="z">Este &#xCD;tem NO se presta por ser Ejemplar #1.</subfield>
    <subfield code="1">0</subfield>
    <subfield code="2">ddc</subfield>
    <subfield code="7">1</subfield>
    <subfield code="8">TESIS</subfield>
    <subfield code="f">P47</subfield>
    <subfield code="a">BUL</subfield>
    <subfield code="b">BUL</subfield>
    <subfield code="c">TESIS</subfield>
    <subfield code="d">2016-06-27</subfield>
  </datafield>
</record>
